1683 1077 1336 1488 1363 1535 1483 1705 1476 1847 1497 1978 1286 1238 1917 1210 1965 1851 1244 1075 1903 1328 1957 1828 1415 1541 1683 1756 1634 1318 1231 1149 1817 1497 1339 1668 1182 1627 1028 1571 1128 1356 1631 1780 1106 1815 1627 1534 1965 1504 1602 1545 1167 1924 1626 1639 1607 1566 1107 1503 1443 1551 1282 1514 1115 1550 1189 1503 1268 1552 1921 1649 1186 1766 1560 1507 1587 1074 1143 1115 1607 1978 1762 1153 1907 1924 1896 1355 1788 1375 1390 1351 1941 1846 1013 1342 1627 1416 1801 BCNSPRNW ULIB Ver.6.0+V

เปลี่ยนเป็นภาษาไทย

Change to English
 แสดงรายละเอียดบรรณานุกรม
  กลับหน้าหลัก

Brief Record : Get Marc (ISO 2709) : E-mail record : QR code < ปิดหน้าต่าง
LEADER : 00000nam 2200000uu 4500
001    13399121343
003     ULIB
008    121115s2555||||th 000 0 tha d
099    วจ.WB935^bอ324ค
100 0  อรทัย แซ่ตั้ง และประภาพร มโนรัตน์
245 00 ความพึงพอใจของผู้รับบริการต่อบริการบริการการแพทย์แผนไทยของสถาบันบริการการแพทย์แผนไทย วิทยาลัยบรมราชชนนี อุตรดิตถ์^cอรทัย แซ่ตั้ง และประภาพร มโนรัตน์
246 0  Customer satisfaction toward Thai traditional medical clinic at Boromarajonani College of nursing, Uttaradit
260    ^c2555
300    41 แผ่น ^bภวคผนวก
650  4 ความพึงพอใจ^xวิจัย
650  4 สถานบริการการแพทย์แผนไทย^;bวิจัย
945    ^p0^l0^i033086
995    เกษร
999    ^aใช้งานได้ทุกระบบ
รายการนี้ยังไม่มีแท็ก
คุณยังไม่ได้ล็อกอิน คุณสามารถมีกิจกรรมร่วมกับเว็บไซต์ได้ แต่ต้องล็อกอินก่อน ::
  ล็อกอิน

รายการสื่อสารสนเทศ

ลำดับที่ ประเภท เลขเรียก/บาร์โค้ด สถานที่ สถานะ
1. งานวิจัย
งานวิจัย
วจ.WB935 อ324ค  
  Barcode: 033086
ห้องสมุดวิทยาเขตสวรรค์ประชารักษ์
►วิจัย
บนชั้น

BibComment


ยังไม่เคยถูกคอมเมนท์

คอมเมนท์ทรัพยากรรายการนี้
  คอมเมนท์: ความพึงพอใจของผู้..


 Copyright 2026. Bcnsprnw @Library